=LDR 00000nam 2200000 4500 =001 INLIS000000000030281 =005 20130612132434 =008 ***********************************Ind** =035 ##$$0010-061300000030281 =041 ##$$a Ind =082 ##$$a 306.09 =090 ##$$a 306.09, Rid b =100 ##$$a Rida, Zeniar =245 ##$$a Buku materi pokok sejaran kebudayaan 1 - 3 PIPS2236/2 SKS, Zeniar Rida =260 ##$$a 1986 $b Jakarta =300 ##$$a ...jilid, 30 cm =650 ##$$a Sejarah =850 ##$$a NBPNMAT